Normal view
MARC view
Entry Personal Name
001 - CONTROL NUMBER
- control field: 56207
003 - CONTROL NUMBER IDENTIFIER
- control field: OSt
005 - DATE AND TIME OF LATEST TRANSACTION
- control field: 20160511170307.0
008 - FIXED-LENGTH DATA ELEMENTS
- fixed length control field: 160511|| aca||aabn | a|a d
040 ## - CATALOGING SOURCE
- Original cataloging agency: OSt
- Transcribing agency: OSt
100 ## - HEADING--PERSONAL NAME
- Personal name: मजीद, इजलाल
670 ## - SOURCE DATA FOUND
- Source citation: Work cat.: (OSt)41719: मजीद, इजलाल , कि आती है उर्दू जबॉ आते - आते 2 , 2008









